01049cam a2200241 a 450000100100000000500170001000800410002702000150006804000230008308200170010610000280012324501040015126000800025530000280033549000790036350400310044265100330047365000460050683000860055291000340063895201200067299900150079200000563320200929151728.0890512s1989 mnua b 001 0 spa  a1877660000 aDO-SdBNPcDLCdDLC a985.01bZ35g1 aZapata, Roger A.91591310aGuamán Poma, indigenismo y estética de la dependencia en la cultura peruana /cRoger A. Zapata. aMinneapolis :bInstitute for the Study of Ideologies and Literature,c1989. a218 p. :bil. ;c21 cm.1 aSeries Towards a Social History of Hispanic and Luso-Brazilian Literatures aBibliografías [205]-218. 4aPeruxHistoriay1820.915914 4aIndigenas de america del surzPeru915915 0aSeries Towards a Social History of Hispanic and Luso-Brazilian Literatures915916 aCatalogación por copia / LC 001054708MOaGRbGRcHDd2009-08-20iLF1l0o985.01 Z35gp5633-10r2020-06-25w2020-06-25y4ZPréstamo en sala c5432d5432